Rǧimen legal de las sociedades cooperativas

Bibliographic Details
Main Author: Luna Guerra, Antonio
Format: eBook
Language:Spanish
Published: Mx̌ico D.F. : Ediciones Fiscales ISEF, 2010
Subjects:
Online Access:http://www.vlex.com/source/11016

MARC

LEADER 00000nam a22000007a 4500
005 20130405150459.0
007 cr|||| ||||
008 130405e2010 mx |||||s|||| 00||0 spa d
020 |a 978-368-726-536-8 
035 |a 11016 
040 |a vLex 
090 |c 4147  |d 4147 
100 1 0 |a Luna Guerra, Antonio  
245 1 0 |a Rǧimen legal de las sociedades cooperativas  |c / Antonio Luna Guerra   |h [Recurso electrn̤ico] 
256 |a Servicio en ln̕ea 
260 |a Mx̌ico D.F. :  |b Ediciones Fiscales ISEF,   |c 2010 
300 |a 1 Recurso electrn̤ico 
506 |a Contenido solo disponible en los productos indicados  |d vLex Global  |d vLex Global (Academic Edition, excluding Law Schools)  |d vLex Global (U.S. Academic Edition, Law Schools)  |d vLex Global (U.S. Academic Edition, excluding Law Schools)  |d vLex Global (Academic Edition, Law Schools) 
650 0 4 |a Derecho mercantil  |z Mexico 
650 0 4 |a Cooperative societies  |z Mexico 
740 |a vLex Libros (Servicio en ln̕ea) 
856 |a Acceso restringido  |u http://www.vlex.com/source/11016 
942 |c BOOK 
999 0 |a Commercial law